000 00676nam a2200253Ia 4500
005 20260121160943.0
008 008 260114s9999 xx 000 0 eng d
020 _a9781315717357
037 _aEBOOK
040 _aCRL
040 _beng
040 _cCRL
041 _2eng
041 _aeng
084 _qCRL
100 _a Joyce E. King
_91038376
245 0 _aDysconscious Racism, Afrocentric Praxis, and Education for Human Freedom: Through the Years I Keep on Toiling
260 _bTaylor and Francis
260 _c2015
856 _uhttp://www.taylorfrancis.com/books/9781315717357
942 _cEBOOK
999 _c1605192
_d1605192